Path Integrals from peV to TeV (Record no. 478541)

000 -LEADER
fixed length control field 00510nam a22001697a 4500
003 - CONTROL NUMBER IDENTIFIER
control field NUST
005 - DATE AND TIME OF LATEST TRANSACTION
control field 20180601080143.0
008 - FIXED-LENGTH DATA ELEMENTS--GENERAL INFORMATION
fixed length control field 180601b ||||| |||| 00| 0 eng d
020 ## - INTERNATIONAL STANDARD BOOK NUMBER
International Standard Book Number 9789810238216
038 ## - RECORD CONTENT LICENSOR
Staff Name SNS Library
082 ## - DEWEY DECIMAL CLASSIFICATION NUMBER
Classification number 530.143
100 ## - MAIN ENTRY--PERSONAL NAME
Personal name Editors R. Casalbuoni
9 (RLIN) 10799
245 ## - TITLE STATEMENT
Title Path Integrals from peV to TeV
Remainder of title Proceedings of The Sixth International Conference
Statement of responsibility, etc. Editors R. Casalbuoni
260 ## - PUBLICATION, DISTRIBUTION, ETC.
Place of publication, distribution, etc. Singapore
Name of publisher, distributor, etc. World Scientific
Date of publication, distribution, etc. 1999
300 ## - PHYSICAL DESCRIPTION
Extent 619 p.
Other physical details Hb.
942 ## - ADDED ENTRY ELEMENTS (KOHA)
Source of classification or shelving scheme
Koha item type Book
Holdings
Withdrawn status Lost status Source of classification or shelving scheme Damaged status Not for loan Permanent Location Current Location Date acquired Total Checkouts Full call number Barcode Date last seen Price effective from Koha item type
          School of Natural Sciences (SNS) School of Natural Sciences (SNS) 06/01/2018   530.143 SNS0002364 06/01/2018 06/01/2018 Book
© 2023 Central Library, National University of Sciences and Technology. All Rights Reserved.